[Event "Budapest FS10 IM-A"]
[Site "Budapest"]
[Date "1997.10.08"]
[Round "4"]
[White "Ashley, Maurice"]
[Black "Bilek, Istvan"]
[Result "1-0"]
[WhiteElo "2445"]
[BlackElo "2370"]
[PlyCount "63"]
[EventDate "1997.10.05"]
[EventType "tourn"]
[EventRounds "13"]
[EventCountry "HUN"]
[EventCategory "7"]
[SourceTitle "CBM 061 Extra"]
[Source "ChessBase"]
[SourceDate "1998.03.09"]
[SourceVersion "1"]
[SourceVersionDate "1998.03.09"]
[SourceQuality "1"]

1. e4 c5 2. Nf3 g6 3. c3 Bg7 4. d4 cxd4 5. cxd4 d5 6. e5 Nc6 7. h3 f6 8. Bb5
Bd7 9. O-O fxe5 10. Bxc6 Bxc6 11. dxe5 e6 12. Na3 Ne7 13. Nc2 h6 14. Ncd4 Bd7
15. Qd3 O-O 16. Bd2 Qb6 17. Be3 Qd8 18. Qb3 Rb8 19. Qa3 Nc6 20. Nxc6 bxc6 21.
Bxa7 Ra8 22. Qe3 Rxf3 23. gxf3 Qh4 24. Bc5 Qxh3 25. a4 g5 26. Ra3 Qf5 27. Re1
Qc2 28. Qc3 Qf5 29. a5 Bc8 30. Bd4 Bd7 31. a6 g4 32. a7 1-0

[Event "Budapest FS10 IM-A"]
[Site "Budapest"]
[Date "1997.10.09"]
[Round "5"]
[White "Stocek, Jiri"]
[Black "Ashley, Maurice"]
[Result "1-0"]
[WhiteElo "2470"]
[BlackElo "2445"]
[PlyCount "139"]
[EventDate "1997.10.05"]
[EventType "tourn"]
[EventRounds "13"]
[EventCountry "HUN"]
[EventCategory "7"]
[SourceTitle "CBM 061 Extra"]
[Source "ChessBase"]
[SourceDate "1998.03.09"]
[SourceVersion "1"]
[SourceVersionDate "1998.03.09"]
[SourceQuality "1"]

1. d4 d5 2. c4 dxc4 3. e4 e5 4. Nf3 exd4 5. Bxc4 Nc6 6. O-O Be6 7. Bb5 Bc5 8.
Nbd2 Nge7 9. Ng5 Qd6 10. Nxe6 Qxe6 11. Nb3 Qd6 12. Bf4 Qxf4 13. Nxc5 O-O 14. g3
Qh6 15. Rc1 Rfb8 16. Qa4 a6 17. Bxc6 Nxc6 18. Kg2 b5 19. Qc2 Ne5 20. Nb3 d3 21.
Qxc7 Nc4 22. Rfd1 Rd8 23. Qb7 Qd6 24. Rc3 Nxb2 25. Rd2 Rab8 26. Qa7 Ra8 27. Qb7
Rab8 28. Qa7 Qb4 29. Qc5 Qxc5 30. Nxc5 Rbc8 31. Rc1 Nc4 32. Rxd3 Re8 33. Rd5
Nb6 34. Rdd1 Nc4 35. Nxa6 Rxe4 36. Nc7 Re5 37. Nxb5 Rxb5 38. Rxc4 Re8 39. a4
Rb2 40. Rd7 Ra2 41. h4 h5 42. Rcc7 Rf8 43. Ra7 Ra3 44. a5 g6 45. a6 Kg7 46.
Rdc7 Ra5 47. Rc6 Rd8 48. Rcc7 Rf5 49. Rd7 Re8 50. Re7 Rxe7 51. Rxe7 Ra5 52. a7
Kf6 53. Rb7 Ra3 54. Kf1 Ra2 55. Ke1 Ke6 56. Kd1 f6 57. Kc1 Kf5 58. Kb1 Ra6 59.
Rf7 g5 60. hxg5 Kxg5 61. Kc2 h4 62. gxh4+ Kxh4 63. Rg7 Kh5 64. Kd3 Kh6 65. Rc7
Kg5 66. Kc4 f5 67. Kb5 Ra1 68. Kb6 Kg4 69. Kb7 Kf3 70. a8=Q 1-0

[Event "Budapest FS10 IM-A"]
[Site "Budapest"]
[Date "1997.10.11"]
[Round "7"]
[White "Waitzkin, Joshua"]
[Black "Ashley, Maurice"]
[Result "1/2-1/2"]
[WhiteElo "2435"]
[BlackElo "2445"]
[PlyCount "21"]
[EventDate "1997.10.05"]
[EventType "tourn"]
[EventRounds "13"]
[EventCountry "HUN"]
[EventCategory "7"]
[SourceTitle "CBM 061 Extra"]
[Source "ChessBase"]
[SourceDate "1998.03.09"]
[SourceVersion "1"]
[SourceVersionDate "1998.03.09"]
[SourceQuality "1"]

1. c4 Nf6 2. Nc3 g6 3. g3 Bg7 4. Bg2 c5 5. e4 d6 6. Nge2 O-O 7. O-O Nc6 8. d3
Ne8 9. Be3 Nc7 10. d4 cxd4 11. Nxd4 1/2-1/2

[Event "Budapest FS10 IM-A"]
[Site "Budapest"]
[Date "1997.10.12"]
[Round "8"]
[White "Ashley, Maurice"]
[Black "Mikhalevski, Alexander"]
[Result "0-1"]
[WhiteElo "2445"]
[BlackElo "2470"]
[PlyCount "108"]
[EventDate "1997.10.05"]
[EventType "tourn"]
[EventRounds "13"]
[EventCountry "HUN"]
[EventCategory "7"]
[SourceTitle "CBM 061 Extra"]
[Source "ChessBase"]
[SourceDate "1998.03.09"]
[SourceVersion "1"]
[SourceVersionDate "1998.03.09"]
[SourceQuality "1"]

1. e4 e5 2. Nf3 Nc6 3. d4 exd4 4. Nxd4 Nf6 5. Nxc6 bxc6 6. e5 Qe7 7. Qe2 Nd5 8.
c4 Ba6 9. g3 g6 10. b3 Bg7 11. Bb2 O-O-O 12. Bg2 Rde8 13. O-O Bxe5 14. Qxe5
Qxe5 15. Bxe5 Rxe5 16. cxd5 Bxf1 17. Kxf1 cxd5 18. Nc3 c6 19. Rc1 Kd8 20. Na4
h5 21. Nc5 h4 22. Nd3 Ree8 23. Rc5 hxg3 24. hxg3 Kc7 25. Ra5 Kd6 26. a4 Ra8 27.
Ke2 a6 28. b4 Kc7 29. Rc5 a5 30. b5 Kd6 31. Bf3 Rhe8+ 32. Kd2 Re4 33. Bxe4 dxe4
34. bxc6 exd3 35. Rg5 dxc6 36. Kxd3 c5 37. Kc4 Rb8 38. Rd5+ Ke6 39. Kxc5 Rb2
40. Rd6+ Kf5 41. f3 Rb3 42. Rd5+ Ke6 43. Rd6+ Kf5 44. Rd5+ Kf6 45. Rd6+ Kg7 46.
Ra6 Rxf3 47. Rxa5 Rxg3 48. Kd4 g5 49. Kc4 g4 50. Rb5 Kg6 51. a5 Ra3 52. Rb6+
Kf5 53. Kb4 Ra1 54. a6 g3 0-1

[Event "Budapest FS10 IM-A"]
[Site "Budapest"]
[Date "1997.10.14"]
[Round "10"]
[White "Ashley, Maurice"]
[Black "Vadasz, Laszlo"]
[Result "1-0"]
[WhiteElo "2445"]
[BlackElo "2320"]
[PlyCount "49"]
[EventDate "1997.10.05"]
[EventType "tourn"]
[EventRounds "13"]
[EventCountry "HUN"]
[EventCategory "7"]
[SourceTitle "CBM 061 Extra"]
[Source "ChessBase"]
[SourceDate "1998.03.09"]
[SourceVersion "1"]
[SourceVersionDate "1998.03.09"]
[SourceQuality "1"]

1. e4 c6 2. d4 d5 3. exd5 cxd5 4. c4 e6 5. Nf3 Nf6 6. Nc3 Bb4 7. cxd5 exd5 8.
Bb5+ Bd7 9. Qe2+ Ne4 10. Nd2 O-O 11. Ndxe4 dxe4 12. O-O Bxc3 13. bxc3 Re8 14.
Rb1 a6 15. Bxd7 Qxd7 16. Rb6 Qc7 17. Qb2 Ra7 18. d5 Nd7 19. Be3 Nxb6 20. Bxb6
Qb8 21. d6 Rd8 22. Bc7 Qc8 23. Qb6 Ra8 24. Bxd8 Qxd8 25. Qxb7 1-0

[Event "Budapest FS10 IM-A"]
[Site "Budapest"]
[Date "1997.10.15"]
[Round "11"]
[White "Lengyel, Levente"]
[Black "Ashley, Maurice"]
[Result "0-1"]
[WhiteElo "2335"]
[BlackElo "2445"]
[PlyCount "56"]
[EventDate "1997.10.05"]
[EventType "tourn"]
[EventRounds "13"]
[EventCountry "HUN"]
[EventCategory "7"]
[SourceTitle "CBM 061 Extra"]
[Source "ChessBase"]
[SourceDate "1998.03.09"]
[SourceVersion "1"]
[SourceVersionDate "1998.03.09"]
[SourceQuality "1"]

1. Nf3 d5 2. d4 Nf6 3. c4 dxc4 4. e3 e6 5. Bxc4 a6 6. O-O c5 7. dxc5 Bxc5 8.
Qxd8+ Kxd8 9. Nbd2 Nc6 10. a3 Ke7 11. b4 Ba7 12. Bb2 Bd7 13. Rac1 Rac8 14. Be2
Rhd8 15. Nb3 Be8 16. Nc5 Rc7 17. Rc2 a5 18. Nb3 Bb6 19. bxa5 Nxa5 20. Rxc7+
Bxc7 21. Nxa5 Bxa5 22. Nd4 Ne4 23. Rc1 g6 24. Nb3 Bb6 25. Bf3 Rd3 26. Nd4 Nxf2
27. Bc3 Rxe3 28. Bb4+ Kf6 0-1

[Event "Budapest FS10 IM-A"]
[Site "Budapest"]
[Date "1997.10.16"]
[Round "12"]
[White "Ashley, Maurice"]
[Black "Hoang, Thanh Trang"]
[Result "0-1"]
[WhiteElo "2445"]
[BlackElo "2350"]
[PlyCount "82"]
[EventDate "1997.10.05"]
[EventType "tourn"]
[EventRounds "13"]
[EventCountry "HUN"]
[EventCategory "7"]
[SourceTitle "CBM 061 Extra"]
[Source "ChessBase"]
[SourceDate "1998.03.09"]
[SourceVersion "1"]
[SourceVersionDate "1998.03.09"]
[SourceQuality "1"]

1. b3 f5 2. Bb2 d6 3. e3 e5 4. d4 e4 5. Nh3 Nf6 6. Nf4 Be7 7. h4 c6 8. c4 Na6
9. Nc3 Nc7 10. Qd2 Ne6 11. g3 Nxf4 12. exf4 d5 13. Nd1 Be6 14. Be2 O-O 15. Ne3
Qd7 16. O-O Bf7 17. a4 Rfd8 18. Rfd1 Rac8 19. Bc3 Bh5 20. Bxh5 Nxh5 21. cxd5
cxd5 22. Ng2 Rc6 23. Rdc1 Rdc8 24. Bb2 g6 25. Rxc6 Rxc6 26. Rc1 Nf6 27. Ne3 Kf7
28. Kg2 Qc7 29. Rb1 a5 30. h5 Bb4 31. hxg6+ hxg6 32. Qe2 Qd6 33. Rh1 Rc8 34.
Qf1 Bd2 35. Nd1 Qb4 36. Qe2 Rc2 37. Rh8 Qxb3 38. Rb8 Nd7 39. Rd8 Ke7 40. Rh8
Bc1 41. Rh7+ Ke6 0-1

[Event "Budapest FS10 IM-A"]
[Site "Budapest"]
[Date "1997.10.17"]
[Round "13"]
[White "Kogan, Artur"]
[Black "Ashley, Maurice"]
[Result "1-0"]
[WhiteElo "2500"]
[BlackElo "2445"]
[PlyCount "75"]
[EventDate "1997.10.05"]
[EventType "tourn"]
[EventRounds "13"]
[EventCountry "HUN"]
[EventCategory "7"]
[SourceTitle "CBM 061 Extra"]
[Source "ChessBase"]
[SourceDate "1998.03.09"]
[SourceVersion "1"]
[SourceVersionDate "1998.03.09"]
[SourceQuality "1"]

1. e4 c5 2. Nf3 d6 3. Nc3 Nc6 4. g3 g6 5. Bg2 Bg7 6. d3 e6 7. Bg5 Nge7 8. Qd2
h6 9. Be3 Nd4 10. O-O Nec6 11. Ne1 Qa5 12. Nd1 Qa6 13. a3 b5 14. Rb1 Bb7 15. h3
Kf8 16. f4 f5 17. g4 Kg8 18. c3 Nb3 19. Qc2 Nca5 20. exf5 gxf5 21. gxf5 exf5
22. Bf2 b4 23. Ne3 Rf8 24. axb4 cxb4 25. d4 Qb5 26. Bxb7 Qxb7 27. Nxf5 Qd7 28.
Nxg7 Kxg7 29. Kh2 Rhg8 30. Rg1+ Kh8 31. Rxg8+ Rxg8 32. Ng2 Nc4 33. Qxb3 Nd2 34.
Qd1 Nxb1 35. Qxb1 bxc3 36. bxc3 Qc6 37. d5 Qxc3 38. Qe4 1-0

[Event "Bayern-chI Bank Hofmann 1st"]
[Site "Bad Wiessee"]
[Date "1997.11.15"]
[Round "1"]
[White "Ashley, Maurice"]
[Black "Stock, Juergen"]
[Result "1-0"]
[WhiteElo "2445"]
[BlackElo "2050"]
[PlyCount "47"]
[EventDate "1997.11.15"]
[EventType "swiss"]
[EventRounds "9"]
[EventCountry "GER"]
[SourceTitle "CBM 061 Extra"]
[Source "ChessBase"]
[SourceDate "1998.03.09"]
[SourceVersion "1"]
[SourceVersionDate "1998.03.09"]
[SourceQuality "1"]

1. e4 e6 2. d4 d5 3. exd5 exd5 4. c4 Nf6 5. Nc3 c6 6. Bd3 Be6 7. cxd5 Nxd5 8.
Nf3 Be7 9. O-O O-O 10. Ne5 Nd7 11. Nxd5 Bxd5 12. Be3 Nf6 13. Qc2 Re8 14. f4 Bd6
15. Rae1 Rc8 16. Bf2 Be6 17. Bh4 h6 18. Bh7+ Kh8 19. Bf5 Kg8 20. Bxe6 Rxe6 21.
Nxf7 Qd7 22. Nxh6+ Kf8 23. Rxe6 Qxe6 24. Re1 1-0

[Event "Bayern-chI Bank Hofmann 1st"]
[Site "Bad Wiessee"]
[Date "1997.11.17"]
[Round "3"]
[White "Ashley, Maurice"]
[Black "Roemhild, Marcus"]
[Result "1-0"]
[WhiteElo "2445"]
[BlackElo "2195"]
[PlyCount "51"]
[EventDate "1997.11.15"]
[EventType "swiss"]
[EventRounds "9"]
[EventCountry "GER"]
[SourceTitle "CBM 061 Extra"]
[Source "ChessBase"]
[SourceDate "1998.03.09"]
[SourceVersion "1"]
[SourceVersionDate "1998.03.09"]
[SourceQuality "1"]

1. e4 c5 2. Nf3 Nc6 3. Bb5 g6 4. Bxc6 dxc6 5. d3 Bg7 6. Nc3 e5 7. Be3 Qe7 8. h3
f6 9. a4 b6 10. a5 b5 11. Qc1 Be6 12. O-O g5 13. Nd2 h5 14. Nb3 Bxb3 15. cxb3
Nh6 16. Ne2 Bf8 17. b4 Qd7 18. Bxc5 Qxd3 19. Bxf8 Kxf8 20. Qxc6 Kg7 21. Nc3
Rhc8 22. Qb7+ Nf7 23. Rad1 Qc4 24. Rd7 Rf8 25. Rfd1 a6 26. Rxf7+ 1-0

[Event "Bayern-chI Bank Hofmann 1st"]
[Site "Bad Wiessee"]
[Date "1997.11.18"]
[Round "4"]
[White "Siegel, Georg"]
[Black "Ashley, Maurice"]
[Result "0-1"]
[WhiteElo "2540"]
[BlackElo "2445"]
[PlyCount "74"]
[EventDate "1997.11.15"]
[EventType "swiss"]
[EventRounds "9"]
[EventCountry "GER"]
[SourceTitle "CBM 061 Extra"]
[Source "ChessBase"]
[SourceDate "1998.03.09"]
[SourceVersion "1"]
[SourceVersionDate "1998.03.09"]
[SourceQuality "1"]

1. Nf3 d5 2. d4 Nf6 3. c4 dxc4 4. e3 e6 5. Bxc4 c5 6. O-O a6 7. Bd3 cxd4 8.
exd4 Be7 9. Nc3 O-O 10. Bg5 b5 11. a4 b4 12. Ne4 Bb7 13. Nc5 Bd5 14. Ne5 Nc6
15. Re1 Nxe5 16. dxe5 Nd7 17. Nxd7 Qxd7 18. Bf6 g6 19. Qg4 Rfd8 20. Re3 Bb7 21.
Be4 Bxf6 22. Bxb7 Qxb7 23. exf6 Rd5 24. Rae1 Rad8 25. Qf3 Qc7 26. g4 h5 27. h3
a5 28. Re4 Qd7 29. Kg2 Kh7 30. Re5 Qd6 31. Qf4 Rxe5 32. Rxe5 Qc6+ 33. Kg3 Qh1
34. Qf3 h4+ 35. Kf4 Rd4+ 36. Re4 g5+ 37. Ke3 Rd3+ 0-1

[Event "Bayern-chI Bank Hofmann 1st"]
[Site "Bad Wiessee"]
[Date "1997.11.19"]
[Round "5"]
[White "Ashley, Maurice"]
[Black "Blatny, Pavel"]
[Result "1-0"]
[WhiteElo "2445"]
[BlackElo "2555"]
[Annotator "Jussupow,A"]
[PlyCount "55"]
[EventDate "1997.11.15"]
[EventType "swiss"]
[EventRounds "9"]
[EventCountry "GER"]
[SourceTitle "CBM 061 Extra"]
[Source "ChessBase"]
[SourceDate "1998.03.09"]
[SourceVersion "1"]
[SourceVersionDate "1998.03.09"]
[SourceQuality "1"]

1. e4 g6 2. d4 c6 3. c4 d5 4. cxd5 cxd5 5. exd5 Nf6 6. Bb5+ Nbd7 7. Nc3 {
Mit origineller Zugfolge hatten die Spieler eine Stellung der Caro-Cann
Verteidigung erreicht. Teoretisher Zug ist hier 7...Bg7.} a6 $6 (7... Bg7 8. d6
exd6 9. Qe2+ Kf8 10. Nf3 h6 11. O-O Nb6 12. Bd3 Kg8 13. Bf4 Kh7 $14 {
Lautier-Jussupow, Baden Baden 1992}) 8. Bxd7+ Bxd7 9. Qb3 b5 10. Nf3 Bg7 11.
O-O O-O 12. Re1 a5 {Der Laufer auf d7 steht ganz schlecht und es ist nicht
einfach den Bauern d5 anzugreifen.} (12... Bc8 $5 13. a4 Bb7 14. axb5 a5 15.
Bg5 $14) 13. Ne5 b4 14. Ne4 Rc8 15. Bg5 $16 Be8 $6 {Mit einfacher zentraler
Strategie hat WeiЯ eine schцne Stellung aufgebaut. Es ist ьberhaupt nicht
einfach fьr Schwarz einen vernьnftigen Plan zu entwickeln und wie oft in
solchen Situationen passieren auch einige Fehler.} 16. d6 {[#] Dieser
Durchbruch entscheidet die Partie. Weil Schwarz wegen 17.Ng4 den Bauern d6
nicht schlagen kann verliert er noch mehr Material.} Nxe4 (16... exd6 17. Ng4
$18) 17. Bxe7 Qb6 18. Rxe4 $18 a4 19. Qd5 Qb5 20. Qxb5 Bxb5 21. d7 Bxd7 22.
Nxd7 Rfe8 23. Ree1 Rxe7 24. Rxe7 Bxd4 25. Re4 Bxb2 26. Rb1 Ba3 27. Nb6 Rc2 28.
Nxa4 1-0

[Event "Bayern-chI Bank Hofmann 1st"]
[Site "Bad Wiessee"]
[Date "1997.11.21"]
[Round "7"]
[White "Kasimdzhanov, Rustam"]
[Black "Ashley, Maurice"]
[Result "1/2-1/2"]
[WhiteElo "2545"]
[BlackElo "2445"]
[PlyCount "61"]
[EventDate "1997.11.15"]
[EventType "swiss"]
[EventRounds "9"]
[EventCountry "GER"]
[SourceTitle "CBM 061 Extra"]
[Source "ChessBase"]
[SourceDate "1998.03.09"]
[SourceVersion "1"]
[SourceVersionDate "1998.03.09"]
[SourceQuality "1"]

1. Nf3 c5 2. e4 d6 3. Bc4 Nf6 4. d3 Nc6 5. Bb3 Bg4 6. h3 Bxf3 7. Qxf3 e6 8. c3
Be7 9. O-O O-O 10. Nd2 d5 11. exd5 Nxd5 12. Re1 Nf6 13. Nf1 Qc7 14. Bf4 Bd6 15.
Bg5 Nd7 16. Rad1 Nde5 17. Qe4 Ng6 18. g3 Rfe8 19. h4 Nf8 20. d4 cxd4 21. cxd4
Rac8 22. d5 exd5 23. Qxd5 Rxe1 24. Rxe1 Ne6 25. Be3 Rd8 26. Qh5 Ned4 27. Bg5
Rf8 28. Bd5 Ne5 29. Ne3 Qc5 30. Qd1 Nec6 31. a3 1/2-1/2

[Event "Bayern-chI Bank Hofmann 1st"]
[Site "Bad Wiessee"]
[Date "1997.11.22"]
[Round "8"]
[White "Ashley, Maurice"]
[Black "Khalifman, Alexander"]
[Result "0-1"]
[WhiteElo "2445"]
[BlackElo "2655"]
[Annotator "Jussupow,A"]
[PlyCount "68"]
[EventDate "1997.11.15"]
[EventType "swiss"]
[EventRounds "9"]
[EventCountry "GER"]
[SourceTitle "CBM 061 Extra"]
[Source "ChessBase"]
[SourceDate "1998.03.09"]
[SourceVersion "1"]
[SourceVersionDate "1998.03.09"]
[SourceQuality "1"]

1. e4 g6 2. d4 Bg7 3. Nc3 d6 4. Be3 a6 $5 5. Qd2 b5 6. Bd3 Nd7 7. Nce2 c5 8. c3
Ngf6 9. f3 {/\Nh3} e5 10. d5 Nb6 11. Ng3 h5 $1 12. N1e2 h4 13. Nf1 Nfd7 14. h3
(14. b3 $5) 14... Nc4 $1 15. Bxc4 bxc4 16. Nh2 (16. Qc2 $5 Bh6 17. Bxh6 Rxh6
18. Ne3) 16... f5 $1 17. exf5 gxf5 18. f4 e4 19. Nf1 Bh6 $5 20. Bf2 $2 Ne5 21.
Ne3 Nd3+ 22. Kf1 Rb8 23. Nxc4 a5 24. b3 Ba6 25. Ne3 Nxf4 26. c4 Nd3 27. Nc1
Nxf2 28. Qxf2 Qf6 29. Rb1 Qd4 30. Ke2 f4 31. Nf5 f3+ 32. Ke1 Qxf2+ 33. Kxf2
fxg2 34. Kxg2 Rg8+ {[#]} 0-1

[Event "Europe-Americas"]
[Site "Mermaid Beach"]
[Date "1998.01.28"]
[Round "3"]
[White "Fridman, Daniel"]
[Black "Ashley, Maurice"]
[Result "1/2-1/2"]
[WhiteElo "2520"]
[BlackElo "2500"]
[PlyCount "31"]
[EventDate "1998.01.26"]
[EventType "schev"]
[EventRounds "10"]
[EventCountry "BER"]
[SourceTitle "CBM 062 Extra"]
[Source "ChessBase"]
[SourceDate "1998.03.09"]
[SourceVersion "1"]
[SourceVersionDate "1998.03.09"]
[SourceQuality "1"]

1. Nf3 c5 2. c4 Nc6 3. d4 cxd4 4. Nxd4 e6 5. Nc3 Bb4 6. e3 Nf6 7. Bd2 O-O 8.
Qb3 Bc5 9. Nf3 d5 10. Rd1 Qe7 11. Be2 dxc4 12. Qxc4 a6 13. Rc1 Rd8 14. O-O Ba7
15. Ne4 Nd5 16. Rfd1 1/2-1/2

[Event "Europe-Americas"]
[Site "Mermaid Beach"]
[Date "1998.01.29"]
[Round "4"]
[White "Ashley, Maurice"]
[Black "Mueller, Karsten"]
[Result "1/2-1/2"]
[WhiteElo "2500"]
[BlackElo "2515"]
[PlyCount "106"]
[EventDate "1998.01.26"]
[EventType "schev"]
[EventRounds "10"]
[EventCountry "BER"]
[SourceTitle "CBM 062 Extra"]
[Source "ChessBase"]
[SourceDate "1998.03.09"]
[SourceVersion "1"]
[SourceVersionDate "1998.03.09"]
[SourceQuality "1"]

1. e4 e6 2. d4 d5 3. Nc3 Bb4 4. e5 Ne7 5. a3 Bxc3+ 6. bxc3 b6 7. a4 Ba6 8. Bxa6
Nxa6 9. Qd3 Nb8 10. Ne2 Nbc6 11. Ng3 h5 12. Qf3 g6 13. Bg5 Qd7 14. Nf1 Na5 15.
Nd2 Nf5 16. Bf6 Rg8 17. h3 h4 18. g4 hxg3 19. fxg3 g5 20. O-O Rg6 21. g4 Rxf6
22. exf6 Nh4 23. Qg3 Qc6 24. Kh2 Kd7 25. Nf3 Nxf3+ 26. Rxf3 Rh8 27. Qe5 Qd6 28.
Qxd6+ Kxd6 29. Re1 Nc4 30. Rf2 a5 31. Kg2 Rh6 32. Kg3 Kd7 33. Kg2 c6 34. Rb1
Kc7 35. Re1 Rh8 36. h4 Rxh4 37. Rxe6 fxe6 38. f7 Rh8 39. f8=Q Rxf8 40. Rxf8 b5
41. axb5 cxb5 42. Rg8 a4 43. Rxg5 a3 44. Rg7+ Kb6 45. Rh7 Ne3+ 46. Kf3 Nxc2 47.
Rh1 b4 48. cxb4 Kb5 49. Kf4 Nxd4 50. Ke5 Nf3+ 51. Kxe6 Kxb4 52. Kxd5 a2 53. Ra1
Kb3 1/2-1/2

[Event "Europe-Americas"]
[Site "Mermaid Beach"]
[Date "1998.02.01"]
[Round "7"]
[White "Ashley, Maurice"]
[Black "Gormally, Daniel"]
[Result "1/2-1/2"]
[WhiteElo "2500"]
[BlackElo "2415"]
[PlyCount "51"]
[EventDate "1998.01.26"]
[EventType "schev"]
[EventRounds "10"]
[EventCountry "BER"]
[SourceTitle "CBM 062 Extra"]
[Source "ChessBase"]
[SourceDate "1998.03.09"]
[SourceVersion "1"]
[SourceVersionDate "1998.03.09"]
[SourceQuality "1"]

1. e4 c5 2. Nf3 d6 3. Bb5+ Nd7 4. d4 cxd4 5. Qxd4 Ngf6 6. Bg5 a6 7. Bxd7+ Nxd7
8. Nc3 Qa5 9. O-O-O e6 10. Bh4 f6 11. Bg3 Ne5 12. Nd2 b5 13. f4 Nc6 14. Qe3 Be7
15. e5 dxe5 16. fxe5 f5 17. Bf4 O-O 18. Rhg1 b4 19. Nb3 Qc7 20. Na4 Na5 21. g4
Bd7 22. gxf5 Rxf5 23. Nac5 Nxb3+ 24. Nxb3 Rc8 25. Rd2 Be8 26. Qg3 1/2-1/2

[Event "Europe-Americas"]
[Site "Mermaid Beach"]
[Date "1998.02.03"]
[Round "9"]
[White "Ashley, Maurice"]
[Black "Georgiev, Vladimir"]
[Result "1-0"]
[WhiteElo "2500"]
[BlackElo "2565"]
[PlyCount "87"]
[EventDate "1998.01.26"]
[EventType "schev"]
[EventRounds "10"]
[EventCountry "BER"]
[SourceTitle "CBM 062 Extra"]
[Source "ChessBase"]
[SourceDate "1998.03.09"]
[SourceVersion "1"]
[SourceVersionDate "1998.03.09"]
[SourceQuality "1"]

1. e4 c5 2. Nf3 Nc6 3. Bb5 g6 4. Bxc6 dxc6 5. d3 Bg7 6. h3 e5 7. Be3 Qe7 8. Nc3
Nf6 9. Qd2 Nd7 10. Bh6 f6 11. Bxg7 Qxg7 12. Nh2 Nf8 13. f4 Ne6 14. fxe5 fxe5
15. Rf1 Bd7 16. Nd1 O-O-O 17. Ne3 Kb8 18. O-O-O Rhe8 19. Neg4 h5 20. Ne3 Bc8
21. Nf3 g5 22. Nf5 Qf6 23. Ne3 Nf4 24. h4 gxh4 25. Nc4 Bg4 26. Ncxe5 Rxe5 27.
Nxe5 Ne2+ 28. Qxe2 Qxe5 29. Qf2 Bxd1 30. Qxh4 Kc7 31. Rxd1 c4 32. Qf2 Rd7 33.
g3 Qa5 34. Kb1 Qb4 35. a3 Qa4 36. Qf4+ Kb6 37. e5 Qb5 38. e6 c3 39. b3 Re7 40.
Re1 a5 41. Re5 c5 42. d4 Qc6 43. d5 Qd6 44. Rf5 1-0

[Event "Europe-Americas"]
[Site "Mermaid Beach"]
[Date "1998.02.04"]
[Round "10"]
[White "Bezold, Michael"]
[Black "Ashley, Maurice"]
[Result "1-0"]
[WhiteElo "2490"]
[BlackElo "2500"]
[PlyCount "95"]
[EventDate "1998.01.26"]
[EventType "schev"]
[EventRounds "10"]
[EventCountry "BER"]
[SourceTitle "CBM 062 Extra"]
[Source "ChessBase"]
[SourceDate "1998.03.09"]
[SourceVersion "1"]
[SourceVersionDate "1998.03.09"]
[SourceQuality "1"]

1. c4 c5 2. b3 Nf6 3. Bb2 e6 4. Nf3 Be7 5. g3 b6 6. Bg2 Bb7 7. O-O O-O 8. e3 d5
9. Qe2 Nc6 10. Nc3 Re8 11. d3 Qd7 12. Rfd1 d4 13. Nb1 e5 14. Nbd2 Qc7 15. Nh4
dxe3 16. fxe3 Rad8 17. Nf5 Bf8 18. g4 Ne7 19. Ne4 Nxe4 20. Bxe4 g6 21. Ng3 Bc8
22. Rf1 Be6 23. Rad1 Bg7 24. g5 Nc8 25. Qg2 Nd6 26. Rd2 a6 27. a4 Re7 28. Rc1
Qd7 29. Ba3 Bh3 30. Qf3 h6 31. a5 bxa5 32. gxh6 Bxh6 33. Bxc5 Qc7 34. d4 Bg4
35. Qxg4 Bxe3+ 36. Rf2 Bxc1 37. Bd5 Kh7 38. Ne4 Nxe4 39. Qh4+ Kg7 40. Bxe7 Rxd5
41. Qxe4 Rxd4 42. Bf6+ Kh6 43. Qa8 g5 44. Qh8+ Kg6 45. Qg7+ Kh5 46. Qh7+ Kg4
47. Rg2+ Kf3 48. Qh3+ 1-0

[Event "Cannes op"]
[Site "Cannes"]
[Date "1998.??.??"]
[Round "1"]
[White "Ashley, Maurice"]
[Black "Bokan, Danko"]
[Result "1/2-1/2"]
[WhiteElo "2500"]
[BlackElo "2380"]
[PlyCount "133"]
[EventDate "1998.02.21"]
[EventType "swiss"]
[EventRounds "9"]
[EventCountry "FRA"]
[SourceTitle "CBM 063 Extra"]
[Source "ChessBase"]
[SourceDate "1998.04.29"]
[SourceVersion "1"]
[SourceVersionDate "1998.04.29"]
[SourceQuality "1"]

1. e4 e5 2. Nf3 Nc6 3. d4 exd4 4. Nxd4 Qh4 5. Nc3 Bb4 6. Be2 Qxe4 7. Ndb5 Bxc3+
8. bxc3 Kd8 9. Be3 Nf6 10. O-O d6 11. Bf3 Qc4 12. Rb1 Be6 13. Nxd6 cxd6 14.
Qxd6+ Bd7 15. Rxb7 Qe6 16. Qc7+ Ke8 17. Bc5 Rc8 18. Bxc6 Bxc6 19. Rb8 Bd7 20.
Rxc8+ Bxc8 21. Rd1 Nd5 22. Qg3 f5 23. c4 Nf6 24. Qc7 Bd7 25. Qb8+ Bc8 26. Qc7
Bd7 27. Bb4 Kf7 28. Re1 Rc8 29. Qxa7 Qxc4 30. Re7+ Kg8 31. Rxd7 Nxd7 32. Qxd7
Qxc2 33. g3 Qc1+ 34. Kg2 Qc6+ 35. Qxc6 Rxc6 36. h4 Kf7 37. a3 Ke6 38. Kf3 Rc4
39. Bf8 Rc3+ 40. Kg2 f4 41. Bxg7 f3+ 42. Kh3 Rc2 43. Bd4 h5 44. Bb6 Rc4 45. Be3
Kf5 46. Bb6 Ke5 47. Bd8 Kd5 48. Bg5 Rg4 49. Be7 Kc4 50. Bg5 Kb5 51. Kh2 Ka4 52.
Be7 Kb3 53. Bd6 Kb2 54. Kg1 Rc4 55. Kh2 Kc2 56. Bf4 Kd3 57. Be3 Ke2 58. Bb6 Kf1
59. Ba7 Rc3 60. g4 Rxa3 61. Bb6 Ra6 62. Be3 Ra4 63. gxh5 Rxh4+ 64. Kg3 Rxh5 65.
Kxf3 Rf5+ 66. Ke4 Rf7 67. f4 1/2-1/2

[Event "Cannes op"]
[Site "Cannes"]
[Date "1998.??.??"]
[Round "2"]
[White "Doghri, Nabil"]
[Black "Ashley, Maurice"]
[Result "0-1"]
[WhiteElo "2350"]
[BlackElo "2500"]
[PlyCount "71"]
[EventDate "1998.02.21"]
[EventType "swiss"]
[EventRounds "9"]
[EventCountry "FRA"]
[SourceTitle "CBM 063 Extra"]
[Source "ChessBase"]
[SourceDate "1998.04.29"]
[SourceVersion "1"]
[SourceVersionDate "1998.04.29"]
[SourceQuality "1"]

1. e4 c5 2. Nf3 d6 3. d4 cxd4 4. Nxd4 Nf6 5. Nc3 Nc6 6. Bc4 e6 7. Be3 Be7 8.
Qe2 O-O 9. O-O-O Bd7 10. Bb3 Rc8 11. Rhg1 Na5 12. Bd2 Qb6 13. Be1 Nxb3+ 14.
axb3 Rfe8 15. g4 g6 16. g5 Nh5 17. Kb1 Bf8 18. Qf3 Qc5 19. Qd3 a6 20. Nde2 b5
21. Qd4 Qc7 22. Qd2 b4 23. Na2 a5 24. Ng3 Nf4 25. c4 d5 26. Rc1 Qe5 27. f3 Bg7
28. cxd5 exd5 29. Rxc8 Rxc8 30. Nc1 dxe4 31. Nxe4 Bf5 32. Bg3 Bxe4+ 33. fxe4
Qxe4+ 34. Ka2 Ne6 35. Re1 Qf5 36. Nd3 0-1